000 00382nam a2200121Ia 4500
008 180117s9999 xx 000 0 und d
100 _aby CJ Juntereal
245 _aOf food Fads, Trends, and Classics
260 _c2017
300 _a14-16 pages, 2017 April 9
440 _aPhilippine Panorama
650 _aMANILA'S BURGEONING FOOD SCENE IS A STUDY OF FICKLEMINDEDNESS AND LOYALTY
999 _c353597
_d353597